Laurence Olivier Movies - Statistics

General Stats
  • This quiz has been taken 22 times
  • The average score is 7 of 11
Answer Stats
Year Description Movie % Correct
1948 Danish Prince wants to avenge his father's murder Hamlet
85%
1955 Evil English King would trade his kingdom for a horse Richard III
85%
1960 Italian slave becomes the powerful leader of a riot against the Roman Empire Spartacus
80%
1944 English King leads his nation to victory against France with a rousing speech and inspiring leadership Henry V
65%
1940 Woman must face the daunting task of living up to the standards set by her husband's dead first wife Rebecca
65%
1965 Brilliant Moorish general's life is destroyed by the malicious schemes of a jealous lieutenant Othello
60%
1981 Perseus must battle the gods to save his beloved princess and the city of Argos Clash of the Titans
55%
1976 Runner is tormented by an evil Nazi dentist who keeps asking him if it is safe Marathon Man
55%
1978 Mad Nazi doctor plans to kill 94 people in order to bring back the Third Reich The Boys from Brazil
50%
1939 Young woman is caught between her love for a wealthy man and a passionate gypsy Wuthering Heights
35%
1972 Novelist convinces his wife's lover to simulate a housebreaking, in order to obtain insurance money Sleuth
25%
No matching quizzes found
Score Distribution
Percent of People with Each Score
Percentile by Number Answered
Your Score History
You have not taken this quiz